Patrologia Orientalis. (Record no. 183979)

MARC details
000 -LEADER
campo de control de longitud fija 01630nam a2200289 i 4500
001 - NÚMERO DE CONTROL
campo de control 183979
003 - IDENTIFICADOR DE NÚMERO DE CONTROL
campo de control ES-MaACL
005 - FECHA Y HORA DE LA ÚLTIMA TRANSACCIÓN
campo de control 20251207122511.0
008 - DATOS DE LONGITUD FIJA--INFORMACIÓN GENERAL
campo de control de longitud fija 150122s1913 fr |||| | fre d
080 ## - NÚMERO DE LA CLASIFICACIÓN DECIMAL UNIVERSAL
Número de la Clasificación Decimal Universal 273.911
245 00 - MENCIÓN DEL TÍTULO
Título Patrologia Orientalis.
Número de parte o sección de la obra Tomus nonus /
Mención de responsabilidad, etc. [publié par] R. Graffin, F. Nau.
260 ## - PUBLICACIÓN, DISTRIBUCIÓN, ETC.
Lugar de publicación, distribución, etc. Paris :
Nombre del editor, distribuidor, etc. Firmin-Didot et Cie,
Fecha de publicación, distribución, etc. 1913.
300 ## - DESCRIPCIÓN FÍSICA
Extensión 677 p. ;
Dimensiones 28 cm.
505 8# - NOTA DE CONTENIDO CON FORMATO
Nota de contenido con formato Contiene: Le livre d'Esther / version éthiopienne publiée et traduite par Francisco Maria Esteves Pereira. - Les apocryphes coptes / publiés et traduits par le Dr. E. Revillout. - Le testament en Galilée de notre-seigneur Jésus-Christ / texte éthiopien édité et traduit par L. Guerrier avec le concours de S. Grébaut. - Le synaxaire éthiopien : les mois de Sanê, Hamlê, Nahasê et Pâguemen / publiés et traduits par Ignazio Guidi avec le concours de L. Desnoyers, A. Singlas et S. Grébaut. - La seconde partie de l'histoire de Barhadbešabba `Arbaïa et controverse de Théodore de Mopsueste avec les macédoniens / texte syriaque édité et traduit par F. Nau,...
650 ## - PUNTO DE ACCESO ADICIONAL DE MATERIA--TÉRMINO DE MATERIA
Término de materia o nombre geográfico como elemento de entrada Patrística.
9 (RLIN) 15895
650 07 - PUNTO DE ACCESO ADICIONAL DE MATERIA--TÉRMINO DE MATERIA
Término de materia o nombre geográfico como elemento de entrada Literatura cristiana primitiva
Fuente del encabezamiento o término embne
9 (RLIN) 14529
700 1# - ENTRADA AGREGADA--NOMBRE PERSONAL
Nombre de persona Pereira, Francisco María Esteves,
Fechas asociadas al nombre 1854-1924
9 (RLIN) 150790
700 0# - ENTRADA AGREGADA--NOMBRE PERSONAL
Nombre de persona Revillout, Eugéne.
9 (RLIN) 96448
700 1# - ENTRADA AGREGADA--NOMBRE PERSONAL
Nombre de persona Guerrier, Louis.
9 (RLIN) 156194
700 1# - ENTRADA AGREGADA--NOMBRE PERSONAL
Nombre de persona Grébaut, Sylvain.
9 (RLIN) 156167
700 1# - ENTRADA AGREGADA--NOMBRE PERSONAL
Nombre de persona Guidi, Ignazio (
Fechas asociadas al nombre 1844-1935)
9 (RLIN) 156161
700 0# - ENTRADA AGREGADA--NOMBRE PERSONAL
Nombre de persona Desnoyers, Louis.
9 (RLIN) 43911
700 1# - ENTRADA AGREGADA--NOMBRE PERSONAL
Nombre de persona Graffin, René,
Fechas asociadas al nombre 1858-1941
9 (RLIN) 156163
700 1# - ENTRADA AGREGADA--NOMBRE PERSONAL
Nombre de persona Nau, François.
9 (RLIN) 85006
852 ## - LOCALIZACIÓN
Ubicación ES-MaACL
Número de control de estantería G-698
Holdings
Estatus retirado Estado de pérdida Estado de daño No para préstamo Biblioteca de origen Biblioteca actual Ubicación en estantería Fecha de adquisición Fuente de adquisición Total de préstamos Signatura topográfica completa Código de barras Visto por última vez Precio de reemplazo Tipo de ítem Koha
        Biblioteca del Ateneo de Madrid Biblioteca del Ateneo de Madrid Depósito 2 22/01/2015     G-698 1193465 23/02/2023 23/02/2023 Libro impreso